| 000 | 00543nam a2200205Ia 4500 | ||
|---|---|---|---|
| 003 | OSt | ||
| 005 | 20230408113613.0 | ||
| 008 | 210423s2008 xx 000 0 und d | ||
| 020 | _a9788176258548 | ||
| 040 | _cAL | ||
| 041 | _aeng | ||
| 082 |
_a810.999 DHAS _223 |
||
| 100 |
_aDHANVEL (S P). _982856 |
||
| 245 | _aCritical perspectives on American literature. | ||
| 260 |
_aNew Delhi _bSarup & sons _c2008 |
||
| 300 |
_ax,412 _bHB |
||
| 365 |
_b900 _cINR |
||
| 906 | _aamerican ; Critical ; literature. ; perspectives | ||
| 942 |
_2ddc _cBK |
||
| 999 |
_c158633 _d158633 |
||